Akta Perkongsian 1961 (Akta 135) & Akta Relief Spesifik 1950 (Akta 137) : hingga 05hb Ogos 2013)

Bibliographic Details
Corporate Authors: Malaysia, International Law Book Services. Lembaga penyelidikan Undang-Undang
Format: Book
Language:Malay
Published: Petaling Jaya : ILBS , 2013
Subjects:

MARC

LEADER 00000cam a2200000 7i4500
001 0000025479
005 20140613.0
008 130614s my # may
020 |a 9678907879 ,   |c RM10.00 
040 |a INS 
090 0 0 |a KPG856.A9   |b M4 2013 
110 1 |a Malaysia 
240 0 0 |a [Akta perkongsian 1961 (Akta 135)] 
245 1 0 |a Akta Perkongsian 1961 (Akta 135) & Akta Relief Spesifik 1950 (Akta 137) :   |b hingga 05hb Ogos 2013)   |c disusun oleh Lembaga penyelidikan Undang-Undang 
260 |a Petaling Jaya :   |b ILBS ,   |c 2013 
300 |a 74 p. ;   |c 24 cm. 
650 0 0 |a Commercial law   |z Malaysia 
650 0 0 |a Corporation law   |z Malaysia 
650 0 0 |a Partnership   |x Law and legislation   |z Malaysia 
650 0 0 |a Partnership   |z Malaysia 
710 1 |a International Law Book Services. Lembaga penyelidikan Undang-Undang 
740 0 |a Undang-Undang Malaysia 
999 |a 1000001787   |b BOOK   |c Open Shelf   |e Default branch 
999 |a 1000001788   |b BOOK   |c Open Shelf   |e Default branch 
999 |a 1000001789   |b BOOK   |c Open Shelf   |e Default branch 
999 |a 1000001790   |b BOOK   |c Open Shelf   |e Default branch 
999 |a 1000001791   |b BOOK   |c Open Shelf   |e Default branch 
999 |a 1000001792   |b BOOK   |c Open Shelf   |e Default branch 
999 |a 1000001793   |b BOOK   |c Open Shelf   |e Default branch 
999 |a 1000001794   |b BOOK   |c Open Shelf   |e Default branch 
999 |a 1000001795   |b BOOK   |c Open Shelf   |e Default branch 
999 |a 1000001796   |b BOOK   |c Open Shelf   |e Default branch